| Tag |
First Indicator |
Second Indicator |
Subfields |
| LEADER |
00000cam a2200000 a 4500 |
| 001 |
in00004470310 |
| 005 |
20191202142956.0 |
| 008 |
730831s1973 dcua b 10010 eng |
| 010 |
|
|
|a 73015706
|
| 020 |
|
|
|a 0309021405
|
| 035 |
|
|
|a (OCoLC)00769680
|
| 035 |
|
|
|9 AAD5301MS
|
| 035 |
|
|
|z (UtOrBLW)10554
|
| 035 |
|
|
|a 19624
|
| 040 |
|
|
|a DLC
|c DLC
|d TMV
|d UtOrBLW
|
| 049 |
|
|
|a TMVM
|c 1 [544844]
|
| 050 |
0 |
0 |
|a SF95
|b .N32 no. 2, 1973
|a SF396.5
|
| 060 |
|
4 |
|a SF 396.5
|b N277n 1973
|
| 110 |
2 |
|
|a National Research Council (U.S.).
|b Subcommittee on Swine Nutrition.
|
| 245 |
1 |
0 |
|a Nutrient requirements of swine /
|c Subcommittee on Swine Nutrition, Committee on Animal Nutrition, Agricultural Board, National Research Council.
|
| 250 |
|
|
|a Seventh revised edition.
|
| 264 |
|
1 |
|a Washington :
|b National Academy of Sciences,
|c 1973.
|
| 300 |
|
|
|a v, 56 pages :
|b illustrations ;
|c 28 cm.
|
| 336 |
|
|
|a text
|2 rdacontent
|b txt
|
| 337 |
|
|
|a unmediated
|2 rdamedia
|
| 338 |
|
|
|a volume
|2 rdacarrier
|b nc
|
| 490 |
1 |
|
|a Nutrient requirements of domestic animals ;
|v no. 2
|
| 504 |
|
|
|a Bibliography: pages 45-56.
|
| 650 |
|
2 |
|a Animal Nutritional Physiological Phenomena.
|
| 650 |
|
2 |
|a Swine.
|
| 710 |
2 |
|
|a National Academy of Sciences (U.S.)
|
| 830 |
|
0 |
|a Nutrient requirements of domestic animals ;
|v no. 2.
|
| 999 |
|
|
|a MARS
|
| 999 |
f |
f |
|s bc85cb63-63f4-3800-b563-60a373fa1e09
|i e84e5f44-e87a-3b07-bc3f-94cc2f1495c3
|t 0
|
| 952 |
f |
f |
|p preservation
|a Texas A&M University
|b J.J. Pickle Campus
|c High Density Repository
|d Remote Storage
|t 0
|e SF 396.5 N277n 1973
|h National Library of Medicine classification
|i unmediated -- volume
|m 323890013118$
|
| 998 |
f |
f |
|a SF 396.5 N277n 1973
|t 0
|l Remote Storage
|